000 00683nam a22002057a 4500
005 20251108165210.0
008 250721s1998 xx 000 0 ara d
082 1 4 _a910.4/ناب
100 1 _aالنابلسي، عبد الغني بن إسماعيل عبد الغني
245 1 0 _aالحقيقه و المجاز في رحلة بلاد الشام و مصر و الحجاز /
264 1 _aالقاهره :
_bدار المعرفه،
_c1998.
300 _aج
650 1 7 _aالسفر
650 1 7 _aالسياحه
650 1 7 _aبلاد الشام
650 1 7 _aمصر
700 1 _aمراد، رياض عبد الحميد
_eتحقيق
942 _2ddc
_cREF
999 _c21911
_d21911